Geography/DNA Tiles - Statistics

General Stats
  • This quiz has been taken 10 times
  • The average score is 39 of 80
Answer Stats
Question Tile Select % Correct
Which country have a majorty Arab popultion? Egypt Yes
100%
Which country have a majorty Arab popultion? India No
100%
Which country have a majorty Arab popultion? Iraq Yes
100%
Which country have a majorty Arab popultion? Israel No
100%
Which country have a majorty Arab popultion? Malta No
100%
Which country have a majorty Arab popultion? Spain No
100%
Which country have a majorty Arab popultion? UK No
100%
Which country have a majorty Arab popultion? USA No
100%
Which country have Jewish population over 100 thousand people? Afghanistan No
89%
Which country have Jewish population over 100 thousand people? Indonesia No
89%
Which country have Jewish population over 100 thousand people? Iran No
89%
Which country have Jewish population over 100 thousand people? Israel Yes
89%
Which country have a majorty Arab popultion? Maldives No
89%
Which country have a majorty Arab popultion? Morroco Yes
89%
Which country have Jewish population over 100 thousand people? Pakistan No
89%
Which country have Jewish population over 100 thousand people? Sri Lanka No
89%
Which country have Jewish population over 100 thousand people? Yemen No
89%
Which country have Jewish population over 100 thousand people? China No
78%
Which country have Jewish population over 100 thousand people? India No
78%
Which country have a majorty Arab popultion? Libya Yes
78%
Which country have Jewish population over 100 thousand people? Portugal No
78%
Which country have Jewish population over 100 thousand people? USA Yes
78%
Which country have a majorty Arab popultion? Uzbekistan No
78%
Which ethnicity have majorty Y-DNA haplogroup R1a? Arabs No
67%
Which ethnicity have majorty Y-DNA haplogroup R1a? Bangladesh No
67%
Which ethnicity have majorty Y-DNA haplogroup R1a? Filipino No
67%
Which ethnicity have majorty Y-DNA haplogroup R1a? Indonesia No
67%
Which ethnicity have majorty Y-DNA haplogroup R1a? Italian No
67%
Which ethnicity have majorty Y-DNA haplogroup R1a? Somali No
67%
Which country have Jewish population over 100 thousand people? Spain Yes
67%
Which country have Jewish population over 100 thousand people? Brazil Yes
56%
Which ethnicity have majorty mtDNA haplogroup H? Eskimo No
56%
Which country have Jewish population over 100 thousand people? France Yes
56%
Which ethnicity have majorty Y-DNA haplogroup R1a? Japanese No
56%
Which ethnicity have majorty Y-DNA haplogroup R1a? Jewish No
56%
Which ethnicity have majorty mtDNA haplogroup H? Jewish No
56%
Which ethnicity have majorty Y-DNA haplogroup R1a? Kiwis No
56%
Which ethnicity have mtDNA haplogroup X? Kiwis No
56%
Which ethnicity have majorty mtDNA haplogroup H? Navajo No
56%
Which country have a majorty Arab popultion? Pakistan No
56%
Which ethnicity have majorty mtDNA haplogroup H? Yupik No
56%
Which ethnicity have mtDNA haplogroup X? Assyrian No
44%
Which country have a majorty Arab popultion? Iran No
44%
Which country have Jewish population over 100 thousand people? Italy No
44%
Which ethnicity have mtDNA haplogroup X? Japanese No
44%
Which ethnicity have mtDNA haplogroup X? Malagasy No
44%
Which ethnicity have mtDNA haplogroup X? Minangnese No
44%
Which ethnicity have majorty mtDNA haplogroup H? Arabs No
33%
Which ethnicity have majorty mtDNA haplogroup H? Assyrian No
33%
Which ethnicity have majorty mtDNA haplogroup H? Berbers No
33%
Which ethnicity have mtDNA haplogroup X? Chipewyan Yes
33%
Which ethnicity have majorty Y-DNA haplogroup R1a? Latvian Yes
33%
Which ethnicity have majorty Y-DNA haplogroup R1a? Polish Yes
33%
Which ethnicity have mtDNA haplogroup X? Vietnamese No
33%
Which ethnicity have mtDNA haplogroup X? Italy Yes
22%
Which ethnicity have majorty Y-DNA haplogroup R1a? Kazakh Yes
22%
Which ethnicity have mtDNA haplogroup X? Mohawk Yes
22%
Which ethnicity have majorty mtDNA haplogroup H? Portuguese Yes
22%
Which ethnicity have majorty Y-DNA haplogroup R1a? Russian Yes
22%
Which ethnicity have majorty mtDNA haplogroup H? Russian Yes
22%
Which ethnicity have majorty Y-DNA haplogroup R1a? Aryans(North Indian) Yes
11%
Which ethnicity have mtDNA haplogroup X? Bahariyan Oasis Native Yes
11%
Which ethnicity have majorty mtDNA haplogroup H? Belarussian Yes
11%
Which ethnicity have mtDNA haplogroup X? Beothuk Yes
11%
Which country have Jewish population over 100 thousand people? Egypt Yes
11%
Which ethnicity have majorty mtDNA haplogroup H? Italian Yes
11%
Which ethnicity have mtDNA haplogroup X? Kurds Yes
11%
Which ethnicity have majorty Y-DNA haplogroup R1a? Nuristani Yes
11%
Which country have a majorty Arab popultion? Qatar No
11%
Which ethnicity have majorty mtDNA haplogroup H? Spanish Yes
11%
Which ethnicity have majorty mtDNA haplogroup H? Turkish Yes
11%
Which country have a majorty Arab popultion? UAE No
11%
Which ethnicity have majorty Y-DNA haplogroup R1a? Uyghur Yes
11%
Which ethnicity have majorty mtDNA haplogroup H? English Yes
0%
Which ethnicity have majorty mtDNA haplogroup H? Greek Yes
0%
Which ethnicity have mtDNA haplogroup X? Greek Yes
0%
Which ethnicity have mtDNA haplogroup X? Lydian Yes
0%
Which ethnicity have mtDNA haplogroup X? Nuristani Yes
0%
Which ethnicity have mtDNA haplogroup X? Turkish Yes
0%
Which ethnicity have majorty mtDNA haplogroup H? Ukrainian Yes
0%
No matching quizzes found
Score Distribution
Percent of People with Each Score
Percentile by Number Answered
Your Score History
You have not taken this quiz